[Event "10th EICC"]
[Site "Budva MNE"]
[Date "2009.03.07"]
[Round "2"]
[White "Sorgic,D"]
[Black "Kotronias,V"]
[Result "0-1"]
[WhiteElo "2278"]
[BlackElo "2603"]
[EventDate "2009.03.06"]

1. Nf3 Nf6 2. g3 g6 3. Bg2 Bg7 4. O-O O-O 5. d3 d5 6. c3 a5 7. a4 Nc6 8.
Nbd2 Re8 9. Re1 b6 10. e4 dxe4 11. dxe4 Ba6 12. Qb3 Nd7 13. Nf1 e6 14. Be3
Nce5 15. Nxe5 Nxe5 16. Red1 Qe7 17. Bd4 Be2 18. Re1 Bc4 19. Qc2 Bd3 20. Qc1
Rad8 21. Ne3 h5 22. f4 Nd7 23. Bxg7 Kxg7 24. Ra3 Nc5 25. Nc2 Bxc2 26. Qxc2
Nd3 27. Rd1 Qc5+ 28. Kh1 h4 29. c4 Qd4 30. gxh4 Rh8 31. f5 e5 32. Qe2 Rxh4
33. f6+ Kh7 34. Rc3 Nf4 0-1

[Event "10th EICC"]
[Site "Budva MNE"]
[Date "2009.03.07"]
[Round "2"]
[White "Brajovic,R"]
[Black "Mastrovasilis,D"]
[Result "0-1"]
[WhiteElo "2275"]
[BlackElo "2580"]
[EventDate "2009.03.06"]

1. e4 c5 2. Nf3 e6 3. d4 cxd4 4. Nxd4 Nc6 5. Nc3 Qc7 6. Be3 a6 7. Be2 Nf6
8. O-O Bb4 9. Na4 O-O 10. Nxc6 bxc6 11. Nb6 Rb8 12. Nxc8 Rfxc8 13. Bxa6 Rf8
14. Bd3 Bd6 15. f4 e5 16. f5 Rxb2 17. g4 Qa5 18. g5 Ne8 19. Kh1 Bc5 20.
Bxc5 Qxc5 21. Qh5 f6 22. Rg1 d5 23. Rg4 fxg5 24. Qxg5 Rb7 25. exd5 cxd5 26.
Rag1 Nf6 27. R4g2 e4 28. Ba6 Re7 29. a4 Kh8 30. Bb5 d4 31. h4 Qd5 32. Kh2
h6 33. Qf4 Nh5 34. Qg4 Rxf5 35. c4 Qe5+ 36. Kh1 Nf4 37. Rd2 h5 0-1

[Event "10th EICC"]
[Site "Budva MNE"]
[Date "2009.03.07"]
[Round "2"]
[White "Ekstroem,R"]
[Black "Mijovic,S"]
[Result "1-0"]
[WhiteElo "2495"]
[BlackElo "2300"]
[EventDate "2009.03.06"]

1. d4 d5 2. c4 e6 3. Nc3 Be7 4. Nf3 Nf6 5. Bg5 O-O 6. e3 h6 7. Bh4 b6 8.
Rc1 Bb7 9. Be2 Nbd7 10. cxd5 exd5 11. O-O c5 12. Qa4 a6 13. dxc5 bxc5 14.
Rfd1 Qb6 15. Qb3 Rfd8 16. Bg3 Rac8 17. Ne5 Qxb3 18. axb3 Nxe5 19. Bxe5 Ne4
20. Bg4 Ra8 21. Bc7 Rf8 22. Bf3 Rfc8 23. Nxd5 Bxd5 24. Rxd5 Rxc7 25. Bxe4
Rb8 26. Rc3 c4 27. Rxc4 Rxc4 28. bxc4 Rxb2 29. Rd7 Ra2 30. h4 Ra1+ 31. Kh2
Bxh4 32. g3 Bf6 33. c5 Rc1 34. c6 Kf8 35. Bd5 a5 36. Rxf7+ Ke8 37. Ra7 Rc5
38. e4 Rc2 39. Kh3 h5 40. Bb3 Rc3 41. Bf7+ Kd8 42. Bxh5 Rxc6 43. Rxa5 Bc3
44. Ra8+ Rc8 45. Ra6 Ke7 46. f4 Rd8 47. Be2 Rd6 48. Ra7+ Rd7 49. Ra3 Bd4
50. Kg4 Rd6 51. e5 Rd7 52. Kf5 Rc7 53. Ra4 Bc3 54. Kg6 Be1 55. g4 1-0

[Event "10th EICC"]
[Site "Budva MNE"]
[Date "2009.03.07"]
[Round "2"]
[White "Veleski,R"]
[Black "Arsovic,Z"]
[Result "0-1"]
[WhiteElo "2269"]
[BlackElo "2475"]
[EventDate "2009.03.06"]

1. d4 Nf6 2. c4 g6 3. Nc3 Bg7 4. e4 d6 5. f3 O-O 6. Be3 a6 7. Bd3 c5 8.
Nge2 Nc6 9. d5 Ne5 10. f4 Nxd3+ 11. Qxd3 b5 12. O-O bxc4 13. Qxc4 Qb6 14.
h3 a5 15. e5 Ba6 16. Qa4 Ne8 17. Qc2 Nc7 18. Rfd1 Qb7 19. Ng3 Rfd8 20. Nge4
Nb5 21. Rac1 Rab8 22. b3 Rbc8 23. Qf2 Nxc3 24. Rxc3 Qb4 25. Qc2 Qb5 26. Rc4
Qb6 27. Rc3 Qb4 28. Bf2 dxe5 29. Bxc5 Qb7 30. d6 exd6 31. Nxd6 Qd7 32. Ba3
exf4 33. Rxc8 Bxc8 34. Rd5 Qe6 35. Qc7 Bf6 36. Nxf7 Rxd5 37. Nh6+ Kh8 38.
Nf7+ Kg7 39. Ng5+ Qd7 40. Qxf4 Rxg5 0-1

[Event "10th EICC"]
[Site "Budva MNE"]
[Date "2009.03.07"]
[Round "2"]
[White "Swiercz,D"]
[Black "Tassopoulos,M"]
[Result "1-0"]
[WhiteElo "2472"]
[BlackElo "2293"]
[EventDate "2009.03.06"]

1. d4 d5 2. c4 e6 3. Nf3 Nf6 4. g3 c5 5. cxd5 exd5 6. Bg2 Nc6 7. O-O cxd4
8. Nxd4 Be7 9. Nc3 O-O 10. Be3 Re8 11. Rc1 Bf8 12. Nxc6 bxc6 13. Na4 Bd7
14. Bc5 Bxc5 15. Nxc5 Rb8 16. Qd2 Qb6 17. b3 Bf5 18. Rfe1 Rbd8 19. Qc3 Rd6
20. e3 Ne4 21. Qd4 Nxc5 22. Qxc5 Rf6 23. Red1 h6 24. Rd4 Be4 25. Ra4 Bxg2
26. Kxg2 Qxc5 27. Rxc5 Re7 28. Rca5 Rd6 29. Rxa7 Rxa7 30. Rxa7 d4 31. exd4
Rxd4 32. Ra8+ Kh7 33. Kf3 Rd2 34. Ke3 Rc2 35. b4 Rb2 36. a3 g5 37. Ra6 Kg7
38. Rxc6 Rb3+ 39. Kd4 Rxa3 40. Rc3 Ra2 41. b5 Rxf2 42. Rb3 Rxh2 43. b6 Rd2+
44. Kc5 Rd8 45. b7 Rb8 46. Kc6 Kg6 47. Kc7 Re8 48. b8=Q Rxb8 49. Rxb8 Kf5
50. Kd6 Kg4 51. Ke5 h5 52. Rg8 h4 53. gxh4 Kxh4 54. Kf5 f6 55. Kxf6 g4 56.
Kf5 1-0

[Event "10th EICC"]
[Site "Budva MNE"]
[Date "2009.03.07"]
[Round "2"]
[White "Can,E"]
[Black "Stanojevic,B"]
[Result "1-0"]
[WhiteElo "2471"]
[BlackElo "2276"]
[EventDate "2009.03.06"]

1. e4 e6 2. d4 d5 3. Nd2 c5 4. exd5 Qxd5 5. dxc5 Nd7 6. Ngf3 Bxc5 7. Bc4
Qc6 8. Qe2 a6 9. a4 Ngf6 10. O-O b6 11. Nb3 Bb7 12. Nxc5 bxc5 13. a5 O-O
14. Rd1 h6 15. Ra3 Nd5 16. Nh4 N7f6 17. Rg3 Kh8 18. Rdd3 Rad8 19. Rdf3 Nh5
20. Bxh6 Nxg3 21. Rxg3 Rg8 22. Bg5 Rge8 23. Qh5+ Kg8 24. Bxd8 Nf4 25. Qg5
1-0

[Event "10th EICC"]
[Site "Budva MNE"]
[Date "2009.03.07"]
[Round "2"]
[White "Franciskovic,B"]
[Black "Sofronie,I"]
[Result "1/2-1/2"]
[WhiteElo "2260"]
[BlackElo "2471"]
[EventDate "2009.03.06"]

1. c4 e5 2. Nc3 Nc6 3. g3 Bc5 4. Bg2 d6 5. e3 a6 6. Nge2 Ba7 7. O-O h5 8.
h3 Be6 9. b3 Qd7 10. Kh2 Nge7 11. Ba3 h4 12. g4 f5 13. g5 e4 14. Nf4 O-O-O
15. d3 exd3 16. Qf3 Bf7 17. Rad1 Ng6 18. Nxg6 Bxg6 19. Rxd3 f4 20. Rd2 fxe3
21. fxe3 Rde8 22. c5 Re5 23. Rd5 Rxd5 24. Qxd5 dxc5 25. Qxd7+ Kxd7 26. Na4
c4 27. bxc4 Bxe3 28. Nc5+ Kc8 29. Nxa6 Bxg5 30. Bb2 Bh6 31. Nc5 Re8 32. Kh1
Nd8 33. Bf3 b6 34. Bg4+ Kb8 35. Nd7+ Kb7 36. Ne5 Be4+ 37. Bf3 Bxf3+ 38.
Rxf3 Nc6 39. Ng4 Re2 40. Rf2 Rxf2 41. Nxf2 Na5 42. Ng4 Nxc4 43. Bc3 Kc6 44.
Nxh6 gxh6 45. Kg2 Kd5 46. Kf3 Nd6 47. Kg4 Ke4 48. Kxh4 c5 49. Kh5 Nf5 50.
a4 Kd3 51. Be1 c4 52. a5 bxa5 53. Bxa5 Ke3 54. Kg6 Kf4 55. Bd2+ Ke4 56. Bb4
Ke5 57. Bc3+ Ke4 58. Bb4 Ke5 1/2-1/2

[Event "10th EICC"]
[Site "Budva MNE"]
[Date "2009.03.07"]
[Round "2"]
[White "Pap,M"]
[Black "Andrejic,V"]
[Result "1-0"]
[WhiteElo "2469"]
[BlackElo "2275"]
[EventDate "2009.03.06"]

1. e4 c5 2. c3 Nf6 3. e5 Nd5 4. d4 cxd4 5. Nf3 e6 6. cxd4 d6 7. Bc4 Nc6 8.
Qe2 Be7 9. O-O O-O 10. Rd1 Bd7 11. Bd2 Rc8 12. Nc3 Nxc3 13. Bxc3 d5 14. Bd3
a6 15. a3 Na5 16. h4 Nc4 17. Bb4 Bxb4 18. axb4 f5 19. Rdc1 Qe7 20. b3 Nb6
21. Qd2 Rxc1+ 22. Rxc1 Rc8 23. Rc5 Bc6 24. g3 Qd7 25. Ng5 Qe8 26. g4 h6 27.
Nxe6 Qxe6 28. Bxf5 Qe7 29. Bxc8 Nxc8 30. h5 Qe6 31. Qf4 Ne7 32. Rc3 Bd7 33.
Rg3 Kh7 34. Qd2 Nc6 35. Kg2 Qe7 36. f4 Qxb4 37. Qxb4 Nxb4 38. f5 Nc2 39.
Rc3 Nxd4 40. Rc7 Bc6 41. f6 Ne6 42. Re7 d4+ 43. Kf2 Bd5 44. f7 Nf8 45. Re8
Bxf7 46. Rxf8 Bxb3 47. Re8 a5 48. e6 d3 49. Ke3 g6 1-0

[Event "10th EICC"]
[Site "Budva MNE"]
[Date "2009.03.07"]
[Round "2"]
[White "Vucinic,P"]
[Black "Stojanovic,Da"]
[Result "1/2-1/2"]
[WhiteElo "2257"]
[BlackElo "2469"]
[EventDate "2009.03.06"]

1. e4 e5 2. Nf3 Nc6 3. Bc4 Nf6 4. d3 Be7 5. O-O O-O 6. c3 d6 7. Bb3 h6 8.
Nbd2 Nh7 9. Nc4 Bf6 10. Ne3 Ne7 11. d4 Bd7 12. Qe2 c6 13. Rd1 Qc7 14. Nf1
Ng6 15. Ng3 Rae8 16. dxe5 Bxe5 17. Nxe5 Nxe5 18. Bf4 Be6 19. Bxe5 dxe5 20.
Qe3 b6 21. Rd2 Nf6 22. Rad1 Rd8 23. Bxe6 fxe6 24. Rxd8 Rxd8 25. Rxd8+ Qxd8
26. Qe2 b5 27. h3 a5 28. Nf1 a4 29. Qd2 Qe7 30. Qd3 Nh5 31. g3 Nf6 32. Nd2
Nd7 33. Kf1 Nc5 34. Qe3 Qd6 35. Ke2 Nd7 36. Qd3 Qc7 37. b4 axb3 38. axb3
Nc5 39. Qe3 Qd6 40. b4 Na4 41. Qd3 Qc7 42. Qc2 c5 43. Qb3 c4 44. Qc2 Qd6
45. Nf1 Qc6 46. Ne3 Qe8 47. Kf1 Qc6 48. Ke2 h5 49. g4 g6 50. f3 Kf7 51. Qd2
Ke8 52. Nd1 hxg4 53. hxg4 Qd7 1/2-1/2

[Event "10th EICC"]
[Site "Budva MNE"]
[Date "2009.03.07"]
[Round "2"]
[White "Bruno,Fabi"]
[Black "Wieczorek,O"]
[Result "0-1"]
[WhiteElo "2461"]
[BlackElo "2265"]
[EventDate "2009.03.06"]

1. c4 Nf6 2. Nc3 g6 3. g3 Bg7 4. Bg2 O-O 5. d3 d6 6. e4 c5 7. Nge2 Nc6 8.
O-O a6 9. Be3 Bd7 10. h3 Qc8 11. Na4 Qc7 12. Rc1 b5 13. Nac3 Rab8 14. b3
Qc8 15. Kh2 e5 16. Nd5 Qd8 17. Qd2 Nxd5 18. cxd5 Nd4 19. f4 f5 20. fxe5
Nxe2 21. Qxe2 Bxe5 22. Bh6 Rf7 23. Qd2 b4 24. Rf3 Rb7 25. Rcf1 Bc8 26. Bf4
fxe4 27. dxe4 Qe8 28. R3f2 Rbc7 29. Qe2 Ra7 30. Qe1 a5 31. Bxe5 Qxe5 32.
Rxf7 Rxf7 33. Rxf7 Kxf7 34. Qf1+ Ke7 35. Qb5 h5 36. h4 g5 37. hxg5 h4 38.
Qd3 Qxg5 39. gxh4 Qxh4+ 40. Kg1 Qg5 41. Kf2 Qf4+ 42. Kg1 Bd7 43. Qa6 Qe3+
44. Kh2 Qh6+ 45. Kg3 Qg7+ 46. Kh2 Qe5+ 47. Kh1 Qa1+ 48. Kh2 Qh8+ 49. Kg1
Qd4+ 50. Kh2 a4 51. Qa7 Qh8+ 52. Kg1 Qa1+ 53. Bf1 axb3 54. e5 Qd4+ 55. Kg2
Qxd5+ 56. Kg1 b2 0-1

[Event "10th EICC"]
[Site "Budva MNE"]
[Date "2009.03.07"]
[Round "2"]
[White "Chapman,T"]
[Black "Kalezic,B"]
[Result "0-1"]
[WhiteElo "2251"]
[BlackElo "2460"]
[EventDate "2009.03.06"]

1. Nf3 d5 2. c4 d4 3. e3 c5 4. b4 dxe3 5. fxe3 cxb4 6. d4 g6 7. Bd3 Bg7 8.
O-O Nf6 9. Qe2 O-O 10. Bb2 Bg4 11. Nbd2 Nbd7 12. a3 bxa3 13. Rxa3 Qc7 14.
h3 Bxf3 15. Qxf3 e5 16. Rb3 Rab8 17. Ba3 exd4 18. exd4 Rfe8 19. c5 Nf8 20.
d5 N8d7 21. d6 Qc8 22. Qf2 Ne5 23. Bb5 Nfd7 24. Kh1 Rf8 25. Ne4 a6 26. Be2
Qc6 27. Bf3 Qa4 28. Rfb1 Nxf3 29. Qxf3 Rbe8 30. Nc3 Qh4 31. Nd5 Re1+ 32.
Rxe1 Qxe1+ 33. Kh2 h5 34. Re3 Qa1 35. Ne7+ Kh7 36. g3 Qd4 0-1

[Event "10th EICC"]
[Site "Budva MNE"]
[Date "2009.03.07"]
[Round "2"]
[White "Bykhovsky,An ISR"]
[Black "Rabrenovic,M"]
[Result "1-0"]
[WhiteElo "2459"]
[BlackElo "2257"]
[EventDate "2009.03.06"]

1. Nf3 Nf6 2. c4 c5 3. Nc3 b6 4. e4 d6 5. d4 cxd4 6. Nxd4 Bb7 7. f3 e6 8.
Be2 Be7 9. O-O O-O 10. Be3 a6 11. Qd2 Nbd7 12. Rfd1 Qc7 13. Rac1 Rac8 14.
Bf1 Qb8 15. Kh1 Rfe8 16. Qf2 Bd8 17. b4 Bc7 18. Qg1 d5 19. cxd5 exd5 20.
Nxd5 Nxd5 21. exd5 Bxd5 22. Bxa6 Rcd8 23. Nb5 1-0

[Event "10th EICC"]
[Site "Budva MNE"]
[Date "2009.03.07"]
[Round "2"]
[White "Dembo,Y"]
[Black "Spiric,I"]
[Result "1-0"]
[WhiteElo "2456"]
[BlackElo "2255"]
[EventDate "2009.03.06"]

1. e4 e6 2. d4 b6 3. Nf3 Bb7 4. Bd3 c5 5. O-O cxd4 6. Nxd4 Nc6 7. Nxc6 Bxc6
8. Nc3 Nf6 9. Qe2 Be7 10. e5 Nd5 11. Qg4 g6 12. Nxd5 Bxd5 13. Bh6 Qc7 14.
Rfe1 Bf8 15. Bxf8 Rxf8 16. c4 Bc6 17. Qh4 h5 18. b4 Qd8 19. Qd4 Qe7 20. b5
Bb7 21. Be4 O-O-O 22. a4 d5 23. exd6 Qxd6 24. Bxb7+ Kxb7 25. Qe4+ Kb8 26.
a5 bxa5 27. Rxa5 Qc5 28. Qf4+ e5 29. Qg3 Rd4 30. Rea1 Rf4 31. R5a2 Rd8 32.
h3 h4 33. Qg5 f6 34. Qxg6 Qxc4 35. Qb1 Qd3 36. Rc2 Rg8 37. Rc8+ 1-0

[Event "10th EICC"]
[Site "Budva MNE"]
[Date "2009.03.07"]
[Round "2"]
[White "Drljevic,L"]
[Black "Papadopoulos,I"]
[Result "1/2-1/2"]
[WhiteElo "2244"]
[BlackElo "2455"]
[EventDate "2009.03.06"]

1. e4 c5 2. Nf3 e6 3. d3 d5 4. Nbd2 Nc6 5. g3 g6 6. Bg2 Bg7 7. O-O Nge7 8.
Re1 b6 9. c3 O-O 10. e5 a5 11. h4 Qc7 12. Qe2 Ba6 13. Nf1 d4 14. c4 b5 15.
b3 h6 16. N1h2 Kh7 17. Bf4 Qb6 18. Nd2 Bb7 19. Ng4 h5 20. Nf6+ Bxf6 21.
exf6 Nf5 22. Ne4 Nb8 23. Bf3 Nd7 24. Bxh5 e5 25. Bg5 Bxe4 26. dxe4 Nh6 27.
Bf3 bxc4 28. Qxc4 Nxf6 29. Kg2 Nhg8 30. h5 gxh5 31. Rh1 Kg6 32. Qc1 Rfe8
33. Bh4 Kg7 34. Bxf6+ Nxf6 35. Qg5+ Kf8 36. Bxh5 Qd6 37. Bf3 Ke7 38. Rac1
Rh8 39. Qd2 Rxh1 40. Rxh1 a4 41. Rc1 axb3 42. axb3 d3 43. Rd1 Rd8 44. Ra1
Rd7 45. Ra5 Qd4 46. Ra4 Qd6 47. Ra5 1/2-1/2

[Event "10th EICC"]
[Site "Budva MNE"]
[Date "2009.03.07"]
[Round "2"]
[White "Pogorelov,R"]
[Black "Plenca,J"]
[Result "1-0"]
[WhiteElo "2451"]
[BlackElo "2248"]
[EventDate "2009.03.06"]

1. Nf3 b5 2. e4 Bb7 3. Bxb5 Bxe4 4. O-O Nf6 5. Re1 e6 6. d4 Be7 7. c4 O-O
8. Nc3 Bg6 9. Ne5 Bh5 10. g4 Bg6 11. h4 h5 12. g5 Nh7 13. Ba4 Bf5 14. Qxh5
c6 15. Be3 g6 16. Qf3 f6 17. gxf6 Bxf6 18. Qg2 Bxe5 19. dxe5 Qxh4 20. Rad1
c5 21. Bxd7 Nxd7 22. Rxd7 Bg4 23. Ne4 Rad8 24. Rxh7 Kxh7 25. Bg5 Qh5 26.
Bxd8 Bf3 27. Ng5+ Kh6 28. Nxf3 Rxf3 29. Bf6 Rf4 30. Re3 1-0

[Event "10th EICC"]
[Site "Budva MNE"]
[Date "2009.03.07"]
[Round "2"]
[White "Smirnov,Arte"]
[Black "Ketzetzis,G"]
[Result "1/2-1/2"]
[WhiteElo "2449"]
[BlackElo "2243"]
[EventDate "2009.03.06"]

1. e4 c5 2. Nf3 Nc6 3. Nc3 Nf6 4. Bb5 Qc7 5. O-O a6 6. Bxc6 dxc6 7. h3 e5
8. a4 h6 9. d3 Be6 10. b3 g5 11. Nh2 Be7 12. a5 O-O-O 13. Na4 g4 14. hxg4
Nxe4 15. Be3 h5 16. Qe2 Ng5 17. Bxg5 Bxg5 18. gxh5 Rdg8 19. Nxc5 Bf4 20. g3
Rg5 21. Nxe6 fxe6 22. Kg2 Rgxh5 23. Ng4 Qh7 24. gxf4 Rh2+ 25. Kf3 Rh3+ 26.
Kg2 Rh2+ 27. Kf3 Rh3+ 1/2-1/2

[Event "10th EICC"]
[Site "Budva MNE"]
[Date "2009.03.07"]
[Round "2"]
[White "Chibukhchian,A"]
[Black "Medancic,R"]
[Result "1-0"]
[WhiteElo "2444"]
[BlackElo "2242"]
[EventDate "2009.03.06"]

1. d4 d5 2. Nf3 Nf6 3. c4 dxc4 4. e3 e6 5. Bxc4 c5 6. O-O a6 7. a4 Nc6 8.
Qe2 Qc7 9. Nc3 b6 10. d5 exd5 11. Nxd5 Nxd5 12. Bxd5 Bb7 13. e4 Be7 14. g3
Rd8 15. Bf4 Qc8 16. Rad1 O-O 17. Rd2 Nb4 18. Bc4 Rde8 19. Ne5 Bf6 20. Qh5
Rxe5 21. Bxe5 g6 22. Bxf7+ Rxf7 23. Qd1 Qe6 24. Bxf6 Qxf6 25. f3 Nc6 26.
Rff2 Nd4 27. Kh1 Qe5 28. Kg1 g5 29. g4 Qf6 30. Kh1 Nxf3 31. Rde2 Qf4 32.
Qd8+ Kg7 33. Qxb6 Bxe4 34. Qxc5 Nh4+ 1-0

[Event "10th EICC"]
[Site "Budva MNE"]
[Date "2009.03.07"]
[Round "2"]
[White "Maevsky,N"]
[Black "Kapnisis,S"]
[Result "0-1"]
[WhiteElo "2223"]
[BlackElo "2441"]
[EventDate "2009.03.06"]

1. Nf3 d5 2. d4 e6 3. c4 Nf6 4. Nc3 c6 5. e3 Nbd7 6. Bd3 dxc4 7. Bxc4 b5 8.
Bd3 a6 9. a4 b4 10. Ne4 c5 11. Nxf6+ gxf6 12. Qe2 Bb7 13. O-O Bd6 14. a5
Qb8 15. Kh1 Qa7 16. Bd2 Rd8 17. Rac1 Qa8 18. Rfd1 Rg8 19. Bb1 cxd4 20. exd4
Ke7 21. Kg1 Rxg2+ 22. Kxg2 Bxf3+ 23. Kf1 Bxe2+ 24. Kxe2 Qd5 25. Be3 Qxa5
26. Bxh7 0-1

[Event "10th EICC"]
[Site "Budva MNE"]
[Date "2009.03.07"]
[Round "2"]
[White "Nestorovic,L"]
[Black "Devereaux,M"]
[Result "0-1"]
[WhiteElo "2207"]
[BlackElo "2437"]
[EventDate "2009.03.06"]

1. e4 c5 2. Nf3 Nc6 3. d4 cxd4 4. Nxd4 Nf6 5. Nc3 e5 6. Ndb5 d6 7. Bg5 h6
8. Bxf6 gxf6 9. Na3 b5 10. Nd5 f5 11. g3 Bg7 12. Bg2 O-O 13. exf5 e4 14.
Qh5 Re8 15. O-O-O Re5 16. Qe2 Bxf5 17. Kb1 Rc8 18. g4 Be6 19. Bxe4 Ne7 20.
Nxe7+ Qxe7 21. f4 Rxe4 0-1

[Event "10th EICC"]
[Site "Budva MNE"]
[Date "2009.03.07"]
[Round "2"]
[White "Valeanu,E"]
[Black "Susak,Z"]
[Result "1-0"]
[WhiteElo "2432"]
[BlackElo "2229"]
[EventDate "2009.03.06"]

1. e4 c5 2. Nf3 Nc6 3. d4 cxd4 4. Nxd4 Nf6 5. Nc3 d6 6. Bg5 Qb6 7. Nb3 e6
8. Qd2 a6 9. O-O-O Be7 10. Bxf6 Bxf6 11. f4 O-O 12. Kb1 Rd8 13. g4 Qc7 14.
g5 Be7 15. h4 b5 16. Bd3 b4 17. Ne2 a5 18. h5 a4 19. Nbc1 Bb7 20. Rdg1 b3
21. cxb3 axb3 22. Nxb3 Na5 23. Nxa5 Rxa5 24. h6 Bf8 25. Rc1 Qb6 26. Ng3 g6
27. Rhe1 d5 28. exd5 exd5 29. f5 Rda8 30. fxg6 hxg6 31. Qf4 1-0

[Event "10th EICC"]
[Site "Budva MNE"]
[Date "2009.03.07"]
[Round "2"]
[White "Solic,K"]
[Black "Schroll,G"]
[Result "0-1"]
[WhiteElo "2204"]
[BlackElo "2430"]
[EventDate "2009.03.06"]

1. e4 Nf6 2. e5 Nd5 3. d4 d6 4. c4 Nb6 5. exd6 cxd6 6. Nc3 g6 7. Be3 Bg7 8.
Rc1 O-O 9. b3 e5 10. dxe5 dxe5 11. Qxd8 Rxd8 12. c5 N6d7 13. Nd5 Nc6 14.
Bc4 e4 15. Ne2 Nde5 16. Bg5 Nd3+ 17. Bxd3 0-1

[Event "10th EICC"]
[Site "Budva MNE"]
[Date "2009.03.07"]
[Round "2"]
[White "Maksimovic,Br"]
[Black "Civric,Z"]
[Result "1-0"]
[WhiteElo "2423"]
[BlackElo "2206"]
[EventDate "2009.03.06"]

1. d4 Nf6 2. c4 e6 3. Nf3 b6 4. g3 Ba6 5. Qc2 d5 6. cxd5 exd5 7. Bg2 Bb4+
8. Bd2 Bd6 9. Bg5 h6 10. Bxf6 Qxf6 11. Nc3 c6 12. O-O O-O 13. Rfe1 Qd8 14.
e4 dxe4 15. Nxe4 Bb4 16. Red1 Bb7 17. Ne5 Qe7 18. Qb3 Na6 19. a3 Bd6 20.
Ng6 Qd7 21. Nxd6 Qxd6 22. Nxf8 Rxf8 23. Rac1 Re8 24. Qc4 b5 25. Qc2 Re6 26.
b4 h5 27. h4 Qe7 28. Qd2 g6 29. Re1 Nc7 30. Rxe6 Nxe6 31. Bxc6 Bxc6 32.
Rxc6 Ng7 33. d5 Nf5 34. d6 Qe4 35. d7 1-0

[Event "10th EICC"]
[Site "Budva MNE"]
[Date "2009.03.07"]
[Round "2"]
[White "Pantic,I"]
[Black "Fernandes,Ant"]
[Result "1-0"]
[WhiteElo "2193"]
[BlackElo "2422"]
[EventDate "2009.03.06"]

1. d4 Nf6 2. c4 c5 3. d5 e6 4. Nc3 exd5 5. cxd5 d6 6. Nf3 g6 7. Bf4 Bg7 8.
Qa4+ Bd7 9. Qb3 Qc7 10. e4 Nh5 11. Be3 O-O 12. Be2 Na6 13. Nd2 Nf6 14. O-O
Rfb8 15. a4 Nb4 16. Nc4 b6 17. Rfd1 Ne8 18. Bf4 f6 19. e5 fxe5 20. Nxe5
Bxe5 21. Bxe5 Bf5 22. Rac1 Bc2 23. Rxc2 Nxc2 24. Qxc2 dxe5 25. Nb5 Qg7 26.
d6 Rd8 27. Bf3 Rab8 28. Bc6 Qf6 29. Bxe8 Rxe8 30. Nxa7 Rbd8 31. Nb5 e4 32.
h3 Kh8 33. Re1 Qe5 34. Re3 Rd7 35. f3 Qf4 36. Rxe4 Rxe4 37. Qxe4 Qxe4 38.
fxe4 Kg7 39. e5 Rb7 40. Nc7 g5 41. d7 Rb8 42. d8=Q 1-0

[Event "10th EICC"]
[Site "Budva MNE"]
[Date "2009.03.07"]
[Round "2"]
[White "Jakovljevic,Vlado"]
[Black "Schartz,A"]
[Result "1/2-1/2"]
[WhiteElo "2420"]
[BlackElo "2202"]
[EventDate "2009.03.06"]

1. Nf3 d5 2. d4 Nf6 3. c4 e6 4. Nc3 c6 5. g3 Nbd7 6. Bg2 dxc4 7. O-O Be7 8.
e3 O-O 9. Nd2 e5 10. Nxc4 exd4 11. exd4 Nb6 12. Ne5 Be6 13. Re1 Nbd5 14.
Bg5 h6 15. Bxf6 Bxf6 16. Qd2 Nxc3 17. bxc3 Bd5 18. Bh3 Bxe5 19. Rxe5 Re8
20. Rxe8+ Qxe8 21. Re1 Qd8 22. a3 Qd6 23. Qb2 b6 24. Re5 Kf8 25. f4 f6 26.
Re3 Re8 27. Rxe8+ Kxe8 28. Qe2+ Qe7 29. Kf2 Qxe2+ 30. Kxe2 Ke7 31. Kd3 b5
32. Ke3 Kd6 33. Bf1 a5 34. Be2 Bf7 35. Kd2 Bd5 36. Kc1 Bf7 37. Kb2 Be8 38.
Kc2 c5 39. dxc5+ Kxc5 40. Kd3 Bg6+ 41. Ke3 Bc2 42. Bf1 Bb3 43. Be2 Bc4 44.
Bd1 Bf1 45. Bb3 Bc4 46. Bc2 Bf1 47. Bb3 1/2-1/2

[Event "10th EICC"]
[Site "Budva MNE"]
[Date "2009.03.07"]
[Round "2"]
[White "Solomunovic,I"]
[Black "Elkin,L"]
[Result "1-0"]
[WhiteElo "2416"]
[BlackElo "2191"]
[EventDate "2009.03.06"]

1. d4 Nf6 2. Nf3 g6 3. c4 Bg7 4. Nc3 O-O 5. Bg5 c5 6. d5 d6 7. e3 h6 8. Bh4
e6 9. Nd2 e5 10. Be2 a6 11. e4 Qe8 12. Rb1 Nh7 13. f3 f5 14. a3 Nd7 15. b4
h5 16. Bf2 Bh6 17. O-O b6 18. Qc2 Bxd2 19. Qxd2 f4 20. Na4 Rf6 21. bxc5
bxc5 22. Qa5 g5 23. Qc7 Qf8 24. Nb6 Nxb6 25. Rxb6 Qg7 26. Qc6 Qa7 27. Qe8+
Nf8 28. Rfb1 Bg4 29. Qxa8 Qxa8 30. Rb8 Qxb8 31. Rxb8 Bd7 32. Rb6 Ba4 33.
Rxa6 Bc2 34. Bxc5 1-0

[Event "10th EICC"]
[Site "Budva MNE"]
[Date "2009.03.07"]
[Round "2"]
[White "Rajcevic,S"]
[Black "Kurmann,O"]
[Result "0-1"]
[WhiteElo "2161"]
[BlackElo "2415"]
[EventDate "2009.03.06"]

1. d4 Nf6 2. c4 e6 3. Nc3 c5 4. Nf3 cxd4 5. Nxd4 a6 6. a3 Qc7 7. e4 b6 8.
Be3 Bb7 9. f3 d6 10. Be2 Nbd7 11. O-O Be7 12. Rc1 O-O 13. Qd2 Rac8 14. Rfe1
Qb8 15. Bf1 Rfe8 16. Qf2 Bd8 17. Qg3 Ne5 18. b3 Ng6 19. Qf2 Bc7 20. g3 h5
21. Nde2 Ne5 22. Nf4 h4 23. Be2 hxg3 24. hxg3 Bc6 25. Red1 b5 26. c5 dxc5
27. Bxc5 g5 28. Ba7 Qb7 29. Nd3 Nxd3 30. Bxd3 Bxg3 31. Qxg3 Qxa7+ 32. Kg2
Qe3 33. Qf2 Qxf2+ 34. Kxf2 Nh5 35. Rg1 f6 36. Ne2 e5 37. Rh1 Ng7 38. Rh6
Kf7 39. Rch1 Red8 40. Ke3 Bd7 41. Rh7 Be6 42. Rb1 Kg6 43. Rhh1 Nh5 44. Rhd1
Nf4 45. Nxf4+ exf4+ 46. Ke2 Rc3 47. Rb2 Bxb3 0-1

[Event "10th EICC"]
[Site "Budva MNE"]
[Date "2009.03.07"]
[Round "2"]
[White "Nestorovic,N"]
[Black "Bajkovic,N"]
[Result "1-0"]
[WhiteElo "2415"]
[BlackElo "2180"]
[EventDate "2009.03.06"]

1. e4 c5 2. Nf3 d6 3. d4 cxd4 4. Nxd4 Nf6 5. Nc3 a6 6. Be3 e5 7. Nf3 Qc7 8.
a4 Nbd7 9. a5 Be7 10. Be2 b5 11. axb6 Nxb6 12. O-O Bb7 13. Nd2 O-O 14. Bxb6
Qxb6 15. Nc4 Qc7 16. Qd3 Nxe4 17. Nxe4 d5 18. Ned2 dxc4 19. Nxc4 e4 20. Qg3
Qxg3 21. hxg3 Rfd8 22. Rfd1 Kf8 23. Nb6 Rxd1+ 24. Rxd1 Rd8 25. Rxd8+ Bxd8
26. Nd7+ Ke7 27. Nc5 Bd5 28. Nxa6 Kd6 29. c4 Bb7 30. Nb4 Ba5 31. Nc2 Ke5
32. g4 Bc8 33. Kh2 Be6 34. b3 Bd2 35. Kg3 f5 36. gxf5 Bxf5 37. Ne3 Bg6 38.
Nc2 Bf5 39. Bg4 Bg6 40. Be6 Kd6 41. Bd5 Ke5 42. Ne3 h5 43. Kh2 Kd4 44. b4
Ke5 45. b5 Bb4 46. b6 Kd6 47. Kg3 1-0

[Event "10th EICC"]
[Site "Budva MNE"]
[Date "2009.03.07"]
[Round "2"]
[White "Ceranic,M"]
[Black "Vedmediuc,S"]
[Result "0-1"]
[WhiteElo "2147"]
[BlackElo "2414"]
[EventDate "2009.03.06"]

1. e4 c5 2. Nf3 Nf6 3. Nc3 Nc6 4. d4 d5 5. exd5 Nxd5 6. Nxd5 Qxd5 7. Be3
cxd4 8. Nxd4 a6 9. Nxc6 Qxc6 10. c3 e5 11. Qh5 Bd6 12. f3 O-O 13. Bd3 f5
14. Qh4 Be6 15. O-O Rae8 16. Kh1 Be7 17. Qe1 Bd8 18. c4 Bc7 19. b3 Rf7 20.
Rd1 e4 21. fxe4 f4 22. Bg1 Bg4 23. Rc1 f3 24. Qh4 Qg6 25. gxf3 Rxf3 26. Bb1
Bd8 27. Qe1 Rxf1 28. Qxf1 Rf8 0-1

[Event "10th EICC"]
[Site "Budva MNE"]
[Date "2009.03.07"]
[Round "2"]
[White "Becic,S"]
[Black "Panic,Ne"]
[Result "0-1"]
[WhiteElo "2131"]
[BlackElo "2407"]
[EventDate "2009.03.06"]

1. e4 c5 2. Nf3 e6 3. d3 d5 4. Nbd2 Nc6 5. c3 Nf6 6. g3 Be7 7. Bg2 O-O 8.
O-O Qc7 9. Qe2 dxe4 10. Nxe4 h6 11. Rd1 Rd8 12. Nxf6+ Bxf6 13. Be3 b6 14.
d4 cxd4 15. Nxd4 Bb7 16. Nxc6 Bxc6 17. Qc4 Rac8 18. Qxc6 Qxc6 19. Bxc6 Rxc6
20. Rxd8+ Bxd8 21. Bf4 Kf8 22. Rd1 Ke8 23. Be5 f6 24. Bd6 h5 25. f4 b5 26.
Kf2 Bb6+ 27. Kf3 Rc8 28. Ba3 Rd8 29. Rxd8+ Kxd8 30. h3 Kd7 31. g4 hxg4+ 32.
hxg4 g6 33. b3 f5 34. gxf5 gxf5 35. c4 bxc4 36. bxc4 Bd4 37. Bb4 Kc6 38.
Kg3 Be3 39. Kf3 Bc1 40. Kg3 a6 41. Kf3 Kb6 42. a4 Kc6 43. Kg3 Be3 44. a5
Bc5 45. Bd2 Be7 46. Bc1 Bd8 47. Be3 Bxa5 48. Kh4 Bb6 49. Bc1 Bd8+ 50. Kh5
Kc5 51. Kg6 Kxc4 52. Kf7 Kd5 53. Ke8 Ba5 54. Kd7 0-1

[Event "10th EICC"]
[Site "Budva MNE"]
[Date "2009.03.07"]
[Round "2"]
[White "Filipovic,Mi"]
[Black "Talla,V"]
[Result "0-1"]
[WhiteElo "2121"]
[BlackElo "2407"]
[EventDate "2009.03.06"]

1. e4 c5 2. d4 cxd4 3. c3 Nf6 4. e5 Nd5 5. Nf3 e6 6. cxd4 b6 7. Bc4 Ba6 8.
Bxd5 exd5 9. a3 Be7 10. Nc3 O-O 11. Nxd5 d6 12. Nxe7+ Qxe7 13. Be3 dxe5 14.
Nxe5 f6 15. Nf3 Kh8 16. Nh4 Nc6 17. Qa4 Na5 18. b4 f5 19. Nxf5 Rxf5 20.
bxa5 Rxf2 21. Kxf2 Rf8+ 0-1